| 000 | 01315cab a2200229 4500 | ||
|---|---|---|---|
| 001 | ##L132319 | ||
| 008 | 060126n2006 000 0 eng u | ||
| 035 | _a(Sirsi) u132319 | ||
| 041 | 0 | _aeng | |
| 100 | 1 | _aYule, Ian | |
| 245 | 0 | 0 | _aMr Jackson's justice |
| 260 | _c2006 | ||
| 490 | 0 |
_aBuilding _v270(8414) 20 January 2006, 60(1) |
|
| 520 | _aLooks at the implications of the decision in Midland Expressway Ltd v Carillion Construction Ltd and others ([2005] EWHC 2963 (TCC), L132321), where it was decided that the rights of a building contractor in a PFI contract to go to adjudication and to be paid, are statutory rights that cannot be made conditional upon similar rights that the project company has under the project agreement. "Pay when paid" clauses, or those postponing adjudication, which it was argued are a commercial necessity, were effectively declared unlawful and in breach of the fundamental rights of contractors. | ||
| 590 | _aIKA310106 | ||
| 650 | 2 | 4 | _aMIDLAND EXPRESSWAY LTD V CARILLION CONSTRUCTION LTD AND OTHERS |
| 650 | 2 | 4 | _aPRIVATE FINANCE INITIATIVE |
| 650 | 2 | 4 | _aHOUSING GRANTS, CONSTRUCTION AND REGENERATION ACT 1996 |
| 690 | _aMANAGEMENT-DISPUTE AVOIDANCE, MANAGEMENT AND RESOLUTION-DISPUTE MANAGEMENT AND RESOLUTION-ADVOCACY | ||
| 700 | 1 | _aPigott, Ashley | |
| 942 | _n0 | ||
| 999 |
_c76397 _d76397 |
||